Coderspeak (Record no. 81045)

MARC details
000 -LEADER
fixed length control field 02851namaa2200409uu 4500
001 - CONTROL NUMBER
control field doab135512
003 - CONTROL NUMBER IDENTIFIER
control field oapen
005 - DATE AND TIME OF LATEST TRANSACTION
control field 20260218110432.0
006 - FIXED-LENGTH DATA ELEMENTS--ADDITIONAL MATERIAL CHARACTERISTICS
fixed length control field m o d
007 - PHYSICAL DESCRIPTION FIXED FIELD--GENERAL INFORMATION
fixed length control field cr|mn|---annan
008 - FIXED-LENGTH DATA ELEMENTS--GENERAL INFORMATION
fixed length control field 240313s2024 xx |||||o ||| 0|eng d
020 ## - INTERNATIONAL STANDARD BOOK NUMBER
International Standard Book Number 111.9781800085985
020 ## - INTERNATIONAL STANDARD BOOK NUMBER
International Standard Book Number 9781800085992
020 ## - INTERNATIONAL STANDARD BOOK NUMBER
International Standard Book Number 9781800086005
020 ## - INTERNATIONAL STANDARD BOOK NUMBER
International Standard Book Number 9781800086012
020 ## - INTERNATIONAL STANDARD BOOK NUMBER
International Standard Book Number 9781800086067
024 7# - OTHER STANDARD IDENTIFIER
Standard number or code 10.14324/111.9781800085985
Source of number or code doi
040 ## - CATALOGING SOURCE
Original cataloging agency oapen
Transcribing agency oapen
Modifying agency
041 0# - LANGUAGE CODE
Language code of text/sound track or separate title eng
042 ## - AUTHENTICATION CODE
Authentication code dc
245 00 - TITLE STATEMENT
Title Coderspeak
Remainder of title The language of computer programmers
260 ## - PUBLICATION, DISTRIBUTION, ETC.
Place of publication, distribution, etc. London
Name of publisher, distributor, etc. UCL Press
Date of publication, distribution, etc. 2024
300 ## - PHYSICAL DESCRIPTION
Extent 1 online resource (214 p.)
336 ## - CONTENT TYPE
Content type term text
Content type code txt
Source rdacontent
337 ## - MEDIA TYPE
Media type term computer
Media type code c
Source rdamedia
338 ## - CARRIER TYPE
Carrier type term online resource
Carrier type code cr
Source rdacarrier
506 0# - RESTRICTIONS ON ACCESS NOTE
Standardized terminology for access restriction Unrestricted online access
Source of term star
520 ## - SUMMARY, ETC.
Summary, etc. Software applications have taken over our lives. We use and are used by software many times a day. Nevertheless, we know very little about the invisibly ubiquitous workers who write software. Who are they and how do they perceive their own practice? How does that shape the ways in which they collaborate to build the myriad of apps that we use every day? Coderspeak provides a critical approach to the digital transformation of our world through an engaging and thoughtful analysis of the people who write software. It is a focused and in-depth look at one programming language and its community - Ruby - based on ethnographic research at a London company and conversations with members of the wider Ruby community in Europe, the Americas and Japan. This book shows that the place people write code, the language they write it in and the stories shared by that community are crucial in questioning and unpacking what it means to be a 'coder'. Understanding this social group is essential if we are to grasp a future (and a present) in which computer programming increasingly dominates our lives. Praise for Coderspeak 'Heurich perfectly captures the generous camaraderie, quirky spirit and intellectual curiosity at the heart of the Ruby world. Packed with tidbits of Ruby history, code snippets, and fascinating conversations, this book has something to teach every Rubyist.' Jemma Issroff, Ruby Core Team
540 ## - TERMS GOVERNING USE AND REPRODUCTION NOTE
Terms governing use and reproduction Creative Commons
-- https://creativecommons.org/licenses/by-nc/4.0/
-- cc
Uniform Resource Identifier <a href="https://creativecommons.org/licenses/by-nc/4.0/">https://creativecommons.org/licenses/by-nc/4.0/</a>
546 ## - LANGUAGE NOTE
Language note English
650 #7 - SUBJECT ADDED ENTRY--TOPICAL TERM
Topical term or geographic name entry element Programming & scripting languages: general
Source of heading or term bicssc
650 #7 - SUBJECT ADDED ENTRY--TOPICAL TERM
Topical term or geographic name entry element Social & cultural anthropology, ethnography
Source of heading or term bicssc
720 1# - ADDED ENTRY--UNCONTROLLED NAME
Name Orlandini Heurich, Guilherme
Relator code aut
793 0# -
-- DOAB Library.
856 ## - ELECTRONIC LOCATION AND ACCESS
Uniform Resource Identifier <a href="https://docs.google.com/spreadsheets/d/1yKIrdCPDAG_9c22mwoOIO2DOhtj65Wqa/edit?usp=sharing&ouid=106555315294820607512&rtpof=true&sd=true ">https://docs.google.com/spreadsheets/d/1yKIrdCPDAG_9c22mwoOIO2DOhtj65Wqa/edit?usp=sharing&ouid=106555315294820607512&rtpof=true&sd=true </a>
Link text List of Curated E-Books
942 ## - ADDED ENTRY ELEMENTS (KOHA)
Koha item type E-Book
Holdings
Withdrawn status Damaged status Not for loan Home library Current library Date acquired Total Checkouts Date last seen Price effective from Koha item type
      Directory of Open Access Books Directory of Open Access Books 12/09/2024   12/09/2024 12/09/2024 E-Book

University of Rizal System
Email us at univlibservices@urs.edu.ph

Visit our Website www.urs.edu.ph/library